Statistics for Baden-Württemberg Top 30 Cities by population

Click here to take the quiz!

General Stats

  • This quiz has been taken 109 times
    (81 since last reset)
  • The average score is 21 of 30

Answer Stats

PopulationCity% Correct
632,743Stuttgart
100%
229,636Freiburg im Breisgau
93%
311,919Karlsruhe
93%
307,997Mannheim
93%
125,596Ulm
93%
125,113Heilbronn
89%
160,601Heidelberg
88%
84,441Konstanz
88%
115,762Reutlingen
86%
54,718Baden-Baden
84%
93,593Ludwigsburg
82%
89,447Tübingen
82%
124,289Pforzheim
80%
93,004Esslingen am Neckar
75%
84,557Villingen-Schwenningen
71%
59,060Offenburg
70%
67,849Aalen
68%
60,088Friedrichshafen
68%
50,393Ravensburg
68%
57,094Göppingen
63%
49,297Heidenheim an der Brenz
57%
50,035Böblingen
55%
49,100Rastatt
54%
64,599Sindelfingen
52%
60,914Schwäbisch Gmünd
50%
49,213Lörrach
48%
47,716Singen
45%
55,123Waiblingen
41%
48,222Leonberg
30%
46,156Lahr
23%

Score Distribution

Percentile by Number Answered

Percent of People with Each Score

Your Score History

You have not taken this quiz since the last reset